| 000 | 00535nam a22001817a 4500 | ||
|---|---|---|---|
| 005 | 20251108170749.0 | ||
| 008 | 250721s2002 xx 000 0 ara d | ||
| 082 | 1 | 4 | _aم/211.3/خطي |
| 100 | 1 | _aالخطيب، عبد اللطيف | |
| 245 | 1 | 0 | _aمعجم القراءات / |
| 264 | 1 |
_aدمشق : _bدار سعد الدين، _c2002. |
|
| 300 | _a11مج | ||
| 650 | 1 | 7 | _aالقراءات القرآن السبع |
| 650 | 1 | 7 | _aالقواميس |
| 650 | 1 | 7 | _aالعلوم القرآنية |
| 942 |
_2ddc _cREF |
||
| 999 |
_c48445 _d48445 |
||